EL JUICIO (Registro nro. 45439)
[ vista simple ]
| 000 -LEADER | |
|---|---|
| fixed length control field | 00747nam a2200193 a 4500 |
| 001 - CONTROL NUMBER | |
| control field | 45439 |
| 005 - DATE AND TIME OF LATEST TRANSACTION | |
| control field | 20180714024635.0 |
| 008 - FIXED-LENGTH DATA ELEMENTS--GENERAL INFORMATION | |
| fixed length control field | 140415s1984 mx 000 0 spa d |
| 020 ## - INTERNATIONAL STANDARD BOOK NUMBER | |
| International Standard Book Number | 9684194021 |
| 041 ## - LANGUAGE CODE | |
| Language code of text/sound track or separate title | spa |
| 082 ## - DEWEY DECIMAL CLASSIFICATION NUMBER | |
| Classification number | 350.00312 |
| Item number | LOR |
| 100 1# - MAIN ENTRY--PERSONAL NAME | |
| Personal name | LORET DE MOLA, CARLOS |
| 245 13 - TITLE STATEMENT | |
| Title | EL JUICIO |
| 250 ## - EDITION STATEMENT | |
| Edition statement | 2a ed. |
| 260 ## - PUBLICATION, DISTRIBUTION, ETC. | |
| Place of publication, distribution, etc. | MEXICO : |
| Name of publisher, distributor, etc. | GRIJALBO, |
| Date of publication, distribution, etc. | 1984 |
| 300 ## - PHYSICAL DESCRIPTION | |
| Extent | 306 |
| Dimensions | 12.5 x 1 x 19 |
| 520 ## - SUMMARY, ETC. | |
| Summary, etc. | JOSÉ LÓPEZ PORTILLO SE INCORPORA EN SU ANCHO LECHO EN LA RECÁMARA ÚNICA, NUEVA Y FRÍA DE SU CASA ESTRENADA HORAS ANTES, TRAS UN RÁPIDO CAMBIO DESDE LOS PINOS, DONDE VIVIÓ HASTA EL ÚLTIMO MOMENTO DE SU DESEMPEÑO PRESIDENCIAL, Y TRATA DE OFRECER ASIENTOS A SUS VISITANTES. |
| 650 14 - SUBJECT ADDED ENTRY--TOPICAL TERM | |
| Topical term or geographic name entry element | POLITICA |
| General subdivision | MEXICO |
| Withdrawn status | Lost status | Source of classification or shelving scheme | Damaged status | Not for loan | Collection code | Home library | Current library | Shelving location | Date acquired | Source of acquisition | Inventory number | Total Checkouts | Full call number | Barcode | Date last seen | Price effective from | Koha item type |
|---|---|---|---|---|---|---|---|---|---|---|---|---|---|---|---|---|---|
| Dewey Decimal Classification | General | Biblioteca Karol Wojtyla | Biblioteca Karol Wojtyla | Sala general | 03/12/2013 | Compra | 151000000000000000048775 | 350.00312 LOR | 68306 | 05/01/2026 | 03/12/2013 | Libro |